Technical physics / (Record no. 26314)

MARC details
000 -LEADER
fixed length control field 01291cam a2200361 i 4500
001 - CONTROL NUMBER
control field 2051316
003 - CONTROL NUMBER IDENTIFIER
control field EG-ScBUE
005 - DATE AND TIME OF LATEST TRANSACTION
control field 20250305102135.0
008 - FIXED-LENGTH DATA ELEMENTS--GENERAL INFORMATION
fixed length control field 930701t1994 nyua f 001 0 eng d
020 ## - INTERNATIONAL STANDARD BOOK NUMBER
International Standard Book Number 047152462X
020 ## - INTERNATIONAL STANDARD BOOK NUMBER
International Standard Book Number 9780471524625
040 ## - CATALOGING SOURCE
Original cataloging agency DLC
Language of cataloging eng
Description conventions rda
Transcribing agency DLC
Modifying agency DLC
-- EG-ScBUE
082 04 - DEWEY DECIMAL CLASSIFICATION NUMBER
Classification number 530
Edition number 22
Item number BUE
100 1# - MAIN ENTRY--PERSONAL NAME
Personal name Bueche, F.
Fuller form of name (Frederick),
Dates associated with a name 1923-
Relator term author.
245 10 - TITLE STATEMENT
Title Technical physics /
Statement of responsibility, etc Frederick Bueche, retired, University of Dayton, David L. Wallach, Pennsylvania State University, Mckeesport Campus.
250 ## - EDITION STATEMENT
Edition statement Fourth edition.
264 #1 - PUBLICATION, DISTRIBUTION, ETC. (IMPRINT)
Place of publication, distribution, etc New York :
Name of publisher, distributor, etc John Wiley & Sons,
Date of publication, distribution, etc [1994]
264 #4 - PUBLICATION, DISTRIBUTION, ETC. (IMPRINT)
Date of publication, distribution, etc c1994
300 ## - PHYSICAL DESCRIPTION
Extent xvii, 680 pages :
Other physical details illustrations (some color) ;
Dimensions 27 cm
336 ## - CONTENT TYPE
Source rdacontent
Content type term text
Content type code txt
337 ## - MEDIA TYPE
Media type term unmediated
Source rdamedia
Media type code n
338 ## - CARRIER TYPE
Carrier type term volume
Carrier type code nc
Source rdacarrier
500 ## - GENERAL NOTE
General note Includes index.
650 #7 - SUBJECT ADDED ENTRY--TOPICAL TERM
Topical term or geographic name as entry element Physics.
Source of heading or term BUEsh
9 (RLIN) 4340
650 #7 - SUBJECT ADDED ENTRY--TOPICAL TERM
Topical term or geographic name as entry element Physics
General subdivision Industrial applications.
Source of heading or term BUEsh
651 ## - SUBJECT ADDED ENTRY--GEOGRAPHIC NAME
Source of heading or term BUEsh
653 ## - INDEX TERM--UNCONTROLLED
Resource For college Humanities: Psychology
Arrived date list March2018
655 ## - INDEX TERM--GENRE/FORM
Form subdivision Reading book
700 1# - ADDED ENTRY--PERSONAL NAME
Personal name Wallach, David Lee,
Relator term author.
856 42 - ELECTRONIC LOCATION AND ACCESS
Materials specified Publisher description
Uniform Resource Identifier <a href="http://www.loc.gov/catdir/description/wiley032/93026159.html">http://www.loc.gov/catdir/description/wiley032/93026159.html</a>
856 4# - ELECTRONIC LOCATION AND ACCESS
Materials specified Table of Contents
Uniform Resource Identifier <a href="http://www.loc.gov/catdir/toc/onix02/93026159.html">http://www.loc.gov/catdir/toc/onix02/93026159.html</a>
942 ## - ADDED ENTRY ELEMENTS (KOHA)
Source of classification or shelving scheme Dewey Decimal Classification
Koha item type Book - Borrowing
Holdings
Withdrawn status Lost status Source of classification or shelving scheme Damaged status Not for loan Home library Current library Shelving location Date acquired Total Checkouts Full call number Barcode Date last seen Price effective from Koha item type
    Dewey Decimal Classification     Central Library Central Library First floor 15/03/2018   530 BUE 000047419 15/07/2025 15/03/2018 Book - Borrowing